The key to the Asian miracle: making shared growth credible (Record no. 379988)

000 -LEADER
fixed length control field 00646cam a22001697a 4500
008 - FIXED-LENGTH DATA ELEMENTS--GENERAL INFORMATION
fixed length control field 180718b1996 xxu||||| |||| 00| 0 eng d
082 ## - DEWEY DECIMAL CLASSIFICATION NUMBER
Classification number T19x5 C157
100 ## - MAIN ENTRY--PERSONAL NAME
Personal name Campos, Jose Edgardo
245 ## - TITLE STATEMENT
Title The key to the Asian miracle: making shared growth credible
Statement of responsibility, etc. by Jose Edgardo Campos and Hilton L. Root
260 ## - PUBLICATION, DISTRIBUTION, ETC.
Place of publication, distribution, etc. Washington, D.C.
Name of publisher, distributor, etc. Brooking Institution
Date of publication, distribution, etc. 1996
300 ## - PHYSICAL DESCRIPTION
Extent 198p.
650 ## - SUBJECT ADDED ENTRY--TOPICAL TERM
Topical term or geographic name entry element Asia, South Eastern - Economic conditions
650 ## - SUBJECT ADDED ENTRY--TOPICAL TERM
Topical term or geographic name entry element East Asia - Economic conditions
650 ## - SUBJECT ADDED ENTRY--TOPICAL TERM
Topical term or geographic name entry element Asia, Southeastern - Economic policy - Decision making
650 ## - SUBJECT ADDED ENTRY--TOPICAL TERM
Topical term or geographic name entry element East Asia - Economic policy - Decision making
700 ## - ADDED ENTRY--PERSONAL NAME
Personal name Root, Hilton L.
Holdings
Withdrawn status Lost status Damaged status Not for loan Permanent Location Current Location Date acquired Full call number Barcode Date last seen Price effective from Koha item type
        Indian Institute of Public Administration Indian Institute of Public Administration 1996-07-30 T19x5 C157 71100 2018-07-21 2018-07-21 Book

Powered by Koha